Statistics for Milwaukee Bucks Triple Double

Click here to take the quiz!

General Stats

  • This quiz has been taken 71 times
  • The average score is 9 of 23

Answer Stats

PlayerNbLast% Correct
Giannis Antetokounmpo402024
100%
Kareem Abdul-Jabbar81975
92%
Khris Middleton12018
91%
Oscar Robertson51974
78%
Alvin Robertson51990
72%
Ray Allen12001
66%
Sidney Moncrief51985
60%
Eric Bledsoe22019
57%
Marques Johnson41983
37%
Mickey Johnson11980
37%
Brandon Jennings12010
34%
Malcolm Brogdon12016
32%
Terry Cummings11987
26%
Mo Williams12006
23%
Vin Baker11995
23%
Sam Cassell22003
18%
Greg Smith11970
17%
Paul Pressey61987
17%
Larry Sanders12012
14%
Ramon Sessions12009
8%
Charlie Bell12006
5%
Drew Gooden22012
3%
Sherman Douglas11996
2%

Score Distribution

Percentile by Number Answered

Percent of People with Each Score

Your Score History

You have not taken this quiz